| 000 | 00531nam a2200181Ia 4500 | ||
|---|---|---|---|
| 999 |
_c14122 _d14122 |
||
| 003 | OSt | ||
| 005 | 20201102125255.0 | ||
| 008 | 190216s9999||||xx |||||||||||||| ||und|| | ||
| 020 | _a0333923170 | ||
| 040 | _coclc | ||
| 082 |
_a891.456371 _bMOH/S |
||
| 100 |
_aMohanty, Gopinath _95858 |
||
| 245 | 4 |
_aThe Survivor / _cGopinath Mohanty |
|
| 260 |
_bMacmillan India Limited , _c1995. _aMadras: |
||
| 300 | _a223p | ||
| 650 | _aEnglish Short Stories | ||
| 942 |
_cBK _2ddc _h891.456371 _iMOH/S _k891.456371 _mMOH/S |
||